000 01066nam a2200265 4500
001 0000020195
003 CO-CtgCURN
005 20250506215343.0
008 160627s2001 000 0 eng d
020 _a9582814292
040 _aCO-CtgCURN
_bspa
_ccoctgcurn
082 0 _a284.4
_bJ41g
100 1 _aJavaloys, Joaquin.
245 1 3 _aEl grial secreto de los cataros :
_bLa historia oculta de un linaje /
_cJoaquin Javaloys.
260 _aBogotá :
_bCirculo de Lectores,
_c2001.
300 _a234 p.
336 _2rdacontent
337 _2rdamedia
_asin mediacion
_bn
338 _2rdacarrier
_avolumen
_bnc
505 8 _aDel grial al santo grial.--El principado de septimania y los reyes judios de Narbona.--La historia oculta del linaje del santo grial.--Los guardianes del grial secreto de los cataros el priorato de sion y el temple.--La pervivencia del linaje del santo grial
650 0 _aMisterios religiosos.
908 _a160627
942 _cBK
_h284.4
_iJ41g
_2ddc
999 _c48297
_d48297
_x1